Модель стресс-коррозионного разрушения подземных катоднозащищаемых трубопроводов; Проблемы геологии и освоения недр; Т. 2

Xehetasun bibliografikoak
Parent link:Проблемы геологии и освоения недр: труды X Международного симпозиума имени академика М. А. Усова студентов и молодых ученых, посвященного 100-летию первого выпуска сибирских инженеров и 110-летию основания ТПУ; г. Томск, 3-8 апреля 2006 г./ Томский политехнический университет (ТПУ); Институт геологии и нефтегазового дела; под ред. В. А. Домаренко.— , 2007
Т. 2.— 2007.— С. 173-174
Egile nagusia: Жилин А. В. Андрей Валерьевич
Beste egile batzuk: Хижняков В. И. Валентин Игнатьевич (научный руководитель)
Hizkuntza:errusiera
Argitaratua: 2007
Gaiak:
Formatua: MixedMaterials Liburu kapitulua
KOHA link:https://koha.lib.tpu.ru/cgi-bin/koha/opac-detail.pl?biblionumber=127318

MARC

LEADER 00000naa2a2200000 4500
001 127318
005 20231031132205.0
035 |a (RuTPU)RU\TPU\book\137731 
090 |a 127318 
100 |a 20071213d2007 k y0rusy50 ca 
101 0 |a rus 
102 |a RU 
200 1 |a Модель стресс-коррозионного разрушения подземных катоднозащищаемых трубопроводов  |f А. В. Жилин  |g науч. рук. В. И. Хижняков 
320 |a Библиогр.: 2 назв. 
461 0 |0 (RuTPU)RU\TPU\book\132777  |t Проблемы геологии и освоения недр  |o труды X Международного симпозиума имени академика М. А. Усова студентов и молодых ученых, посвященного 100-летию первого выпуска сибирских инженеров и 110-летию основания ТПУ; г. Томск, 3-8 апреля 2006 г.  |f Томский политехнический университет (ТПУ); Институт геологии и нефтегазового дела; под ред. В. А. Домаренко  |d 2007 
463 0 |0 (RuTPU)RU\TPU\book\132380  |t Т. 2  |v С. 173-174  |d 2007  |p 222 с. 
610 1 |a коррозионные разрушения 
610 1 |a подземные трубопроводы 
610 1 |a катоднозащищаемые трубопроводы 
610 1 |a модель стресс 
610 1 |a аварийность 
610 1 |a трубопроводы 
610 1 |a нефтегазопроводы 
610 1 |a труды учёных ТПУ 
700 1 |a Жилин  |b А. В.  |c специалист в области транспорта и хранения нефти и газа  |c ассистент Томского политехнического университета  |f 1983-  |g Андрей Валерьевич  |2 stltpush  |3 (RuTPU)RU\TPU\pers\28907 
702 1 |a Хижняков  |b В. И.  |c российский учёный в области транспорта и хранения нефти  |c доцент Томского политехнического университета  |f 1948-  |g Валентин Игнатьевич  |2 stltpush  |4 727 
801 1 |a RU  |b 63413507  |c 20071213  |g PSBO 
801 2 |a RU  |b 63413507  |c 20150818  |g RCR 
942 |c BK